Central Library OPAC University of Rajshahi

جديد شعرائى اردو : اردو ادب مين جديد شاعرى كے بانيون مولانا آزاد اور حالى سے ےكر عهد حاضر تك كے مستند اور صاحب طرز شاعرون كے سوانح حيات، كلام پر بے لاگ تبصره اور انتخاب كلام ;; jadid sharaiy̱ ardo : ardo adb min jadid shaary̱ ke baniyon molana aazad or haaly̱ se yakr ah haazir tak ke mastand or sahb tars shaaron ke swanh hayat, kalam par be laag tabsarah or antakhab kalam / (Record no. 85925)

MARC details
000 -LEADER
fixed length control field 01078nam a2200205 4500
001 - CONTROL NUMBER
control field 85925
003 - CONTROL NUMBER IDENTIFIER
rucl marc code BD-RjUL
005 - DATE AND TIME OF LATEST TRANSACTION
control field 20251109103955.0
008 - FIXED-LENGTH DATA ELEMENTS--GENERAL INFORMATION
fixed length control field 251109s1960 pk ||||| |||| 00| 0 urd d
035 ## - SYSTEM CONTROL NUMBER
System control number (BD-RjUL)85925
040 ## - CATALOGING SOURCE
Original cataloging agency BD-RjUL
Language of cataloging eng
Transcribing agency BD-RjUL
041 ## - LANGUAGE CODE
Language code of text/sound track or separate title urd
082 ## - DEWEY DECIMAL CLASSIFICATION NUMBER
Edition number 23
Classification number 891.439092
Author mark and year WAZ 1960
245 10 - TITLE STATEMENT
Title جديد شعرائى اردو : اردو ادب مين جديد شاعرى كے بانيون مولانا آزاد اور حالى سے ےكر عهد حاضر تك كے مستند اور صاحب طرز شاعرون كے سوانح حيات، كلام پر بے لاگ تبصره اور انتخاب كلام ;; jadid sharaiy̱ ardo : ardo adb min jadid shaary̱ ke baniyon molana aazad or haaly̱ se yakr ah haazir tak ke mastand or sahb tars shaaron ke swanh hayat, kalam par be laag tabsarah or antakhab kalam /
Statement of responsibility, etc. عبد الوحید ;; Abdul Waheed
260 ## - PUBLICATION, DISTRIBUTION, ETC. (IMPRINT)
Place of publication, distribution, etc. : لاهور
Name of publisher, distributor, etc. فيروز سنز،,
Date of publication, distribution, etc. 1960
300 ## - PHYSICAL DESCRIPTION
Pagination 1125 p,;
Size 25 cm
650 ## - SUBJECT ADDED ENTRY--TOPICAL TERM
Topical term or geographic name as entry element Biographies Poets, Urdu
9 (RLIN) 17293
Topical term or geographic name as entry element Poets, Urdu
Form subdivision Biography
942 ## - ADDED ENTRY ELEMENTS (KOHA)
Source of classification or shelving scheme Dewey Decimal Classification
Koha item type Books
Holdings
Lost status Source of classification or shelving scheme Damaged status Not for loan Collection code Permanent Location Current Location Shelving location Date acquired Cost, normal purchase price Total Checkouts Full call number Date last seen Copy number Koha item type
  Dewey Decimal Classification   Not For Loan Non-fiction Central Library, University of Rajshahi Central Library, University of Rajshahi Reading Room 09/11/2025 18.00   U 891.439092 WAZ 1960 09/11/2025 C-1 Books